The rich get richer and the poor get prison : Ideology, class, and criminal justice

Contents: Illustrates the issue of economic inequality within the American justice system. The best-selling text, The Rich Get Richer and the Poor Get Prison contends that the criminal justice system is biased against the poor from start to finish. The authors argue that even before the process of...

Full description

Saved in:
Bibliographic Details
Main Author: Reiman, Jeffrey H.
Format: Book
Language:Undetermined
Published: Boston Allyn & Bacon 1995
Subjects:
Tags: Add Tag
No Tags, Be the first to tag this record!
Institutions: Trung tâm Học liệu Trường Đại học Cần Thơ
LEADER 01074nam a2200217Ia 4500
001 CTU_222116
008 210402s9999 xx 000 0 und d
082 |a 364.973 
082 |b R363 
100 |a Reiman, Jeffrey H. 
245 4 |a The rich get richer and the poor get prison : 
245 0 |b Ideology, class, and criminal justice 
245 0 |c Jeffrey Reiman 
260 |a Boston 
260 |b Allyn & Bacon 
260 |c 1995 
520 |a Contents: Illustrates the issue of economic inequality within the American justice system. The best-selling text, The Rich Get Richer and the Poor Get Prison contends that the criminal justice system is biased against the poor from start to finish. The authors argue that even before the process of arrest, trial, and sentencing, the system is biased against the poor in what it chooses to treat as crime. 
650 |a Criminal justice, Administration of,Công lý hình sự, quản lý 
650 |z United States,Hoa Kỳ 
904 |i Tô Chánh Trung 
980 |a Trung tâm Học liệu Trường Đại học Cần Thơ